000 00485nam a2200181Ia 4500
005 20250326144011.0
008 250326s9999 xx 000 0 und d
037 _aTextbook
040 _aFMSL
_beng
_cFMSL
041 _aeng
_2eng
084 _aX:5 K9
_qFMSL
100 _aWhitehead H
245 0 _aAdministration of marketing and selling
_cWhitehead H
260 _aLondon
_bLondon, Pitman
_c1969
300 _a252p
942 _cTB
_hX:5 K9
999 _c1301957
_d1301957